000 02115nmm a22002177a 4500
999 _c5187
_d5187
003 OSt
005 20240419110436.0
008 191018e xxu|||||o||d| 00| 0 spa d
020 _a9789507277252
040 _cPJ
245 1 0 _aRevista Laboral :
_bjornada y descanso /
_cMario E. Ackerman director.
260 _aSanta Fé :
_bRubinzal Culzoni,
_c2006.
300 _a536p.
_c22 cm.
310 _asemestral
362 _aNo.1(2006)
500 _aReflexiones en torno de la jornada de trabajo, por Antonio Vázquez Vialard; La jornada de trabajo en las normas de la OIT, por Mario Ackerman; Jornada de trabajo de mujeres y principio de igualdad y no discriminación, por Pablo Arnaldo Topet; Las excepciones a la jornada de trabajo y el quid "vigilancia superior-vigilancia subalterna", por Eduardo Álvarez; La regulación de la jornada en las provincias, por Jorge J. Sappia; Reflexiones sobre la jornada promedio, por Javier Adrogué; Limitaciones legales a las que está sujeta la jornada de trabajo. Las "horas extra", por Cecilia M. Murray y Miguel Ángel Pirolo; Horas extraordinarias, por Albor Ángel Cantard; Patología de la jornada de trabajo, por Jorge Elías; Trabajo por equipos, por Valentín Rubio; Jornada laboral del docente privado, por Ricardo Francisco Seco; Camioneros. Transporte, jornadas, horas extras y lo nocivo por lo crónico, por María del Carmen Piña; Las pausas en la jornada de trabajo, por Carlos Alberto Etala; Vacaciones y época para su otorgamiento, por Armando B. Rocha; Algunas consideraciones respecto del descanso semanal, por Silvia E. Pinto Varela; Francos no gozados. ¿Se justifican normativamente los argumentos tradicionales?, por Silvia Díaz; El tiempo de trabajo y su tratamiento en los Convenios Colectivos de Trabajo, por Carlos M. Aldao-Zapiola. Jurisprudencia agrupada, por Raúl Horacio Ojeda.
650 0 _91316
_aDERECHO LABORAL
700 _91423
_aAckermann, Mario Eduardo
_edirector
856 _uhttps://www.rubinzal.com.ar/revistas/revista-de-derecho-laboral/5/?menupc=1
_yRevista Derecho Laboral
942 _2udc
_cPP